ELEGANCE: EXQUISITE COLLECTION OF INDIAN ETHIC DESIGN (Record no. 13527)

MARC details
000 -LEADER
fixed length control field 00277nam a22001217a 4500
003 - CONTROL NUMBER IDENTIFIER
control field SGT
082 ## - DEWEY DECIMAL CLASSIFICATION NUMBER
Classification number 746.92
Item number BMS
100 ## - MAIN ENTRY--PERSONAL NAME
Personal name BM, SALES
245 ## - TITLE STATEMENT
Title ELEGANCE: EXQUISITE COLLECTION OF INDIAN ETHIC DESIGN
260 ## - PUBLICATION, DISTRIBUTION, ETC. (IMPRINT)
Name of publisher, distributor, etc B.M. SALES COP.
Year of Publication 2016
300 ## - PAGE DESCRIPTION
No. of Pages 265
942 ## - ADDED ENTRY ELEMENTS (KOHA)
Source of classification or shelving scheme Dewey Decimal Classification
Koha item type Books
Holdings
Withdrawn status Lost status Source of classification or shelving scheme Damaged status Not for loan Home library Current library Shelving location Date acquired Vendor Name Cost, normal purchase price SGTU Bill Number Full call number Accession No. (Barcode) Date last seen Bill Date Koha item type
    Dewey Decimal Classification   Not For Loan SGT Science & Social Sciences Library SGT Science & Social Sciences Library Reference Book 20/09/2017 SUMSAC INT. DELHI 1950.00 SGTU 02854 746.92 BMS FF499 20/09/2017 20/09/2017 Books